000 00980nam0a2200301 4500
001 RU\NLR\bibl\732162
005 20260406121255.0
010 _a5-699-06563-6
010 _a5-699-05853-2
_97000
021 _aRU
_b2004-80441
_93968
035 _a(NLR Aleph) 000722112
090 _a709540
_c709540
100 _a20050305d2004 |||y0rusy50 ca
101 0 _arus
102 _aRU
105 _ay |||||||||
200 1 _aИмя потерпевшего - никто
_e[повесть]
_fАлександра Маринина
210 _aМ.
_cЭКСМО
_d2004
215 _a316,[1] с.
_d17
320 _aДр. произведения авт. на 2-й с.
686 _aШ6(2=Р)75-446
700 1 _4070
_8rus
_7ca
_aМаринина
_bА. Б.
_gАлександра Борисовна
_f1957-
_3RU\NLR\auth\77515
_9110564
801 0 _aRU
_bNLR
_c20050305
_gPSBO
801 1 _aRU
_bNLR
_c20050305
942 _cBOOK
980 _aNB